Yoga therapy: A personalized approach for your active lifestyle (Record no. 310362)

MARC details
000 -LEADER
fixed length control field 00550 a2200205 4500
005 - DATE & TIME
control field 20240326143615.0
008 - FIXED-LENGTH DATA ELEMENTS--GENERAL INFORMATION
fixed length control field 240312b |||||||| |||| 00| 0 eng d
020 ## - ISBN
International Standard Book Number 9781492529200
Price $ 23.95
040 ## - CATALOGING SOURCE
Original cataloging agency VIVEKANANDA LIBRARY
082 ## - DDC NUMBER
Classification number 613.7046
Book Number B973Y
100 ## - MAIN ENTRY--PERSONAL NAME
Personal name Butera, Kristen
245 ## - TITLE STATEMENT
Title Yoga therapy: A personalized approach for your active lifestyle
260 ## - PUBLICATION, DISTRIBUTION, ETC. (IMPRINT)
Name of publisher, distributor, etc Human Kinetics
Date of publication, distribution, etc 2017
Place of publication, distribution, etc Champaign
300 ## - PHYSICAL DESCRIPTION
Pages xiv, 234
650 ## - Subject
Subject Yoga
650 ## - Subject
Subject Yogic Studies
650 ## - Subject
Subject Yoga Therapy
700 ## - Added Entry Personal Name
Added Entry Personal Name Elgelid, Staffan
942 ## - ADDED ENTRY ELEMENTS (KOHA)
Koha item type Books
Holdings
Withdrawn status Lost status Source of classification or shelving scheme Damaged status Not for loan Location (home branch) Sublocation or collection (holding branch) Date acquired Koha issues (times borrowed) Koha full call number Accession No. Koha date last seen Koha item type
    Dewey Decimal Classification     VIVEKANANDA LIBRARY VIVEKANANDA LIBRARY 13/02/2024 1 613.7046 B973Y 409298 22/04/2026 Books
© Designed and Maintained by Vivekananda Library, MDU Rohtak